Las particularidades lingüísticas del español en México bakalárska práca

Guardado en:
Detalles Bibliográficos
Autor principal: Villárová, Klaudia
Autor Corporativo: Fakulta aplikovaných jazykov EU v Bratislave. Katedra románskych a slovanských jazykov
Otros Autores: Spišiaková, Mária, 1973-
Formato: Libro
Lenguaje:español
Publicado: Bratislava 2017
Etiquetas: Agregar Etiqueta
Sin Etiquetas, Sea el primero en etiquetar este registro!

MARC

LEADER 00000nbm a2200000 4500
001 0233644
005 20180213095610.3
041 0 |a spa 
044 |a SK 
245 1 0 |a Las particularidades lingüísticas del español en México  |b bakalárska práca  |c Klaudia Villárová ; školiteľ: Mária Spišiaková 
264 1 |a Bratislava  |c 2017 
300 |a 48 s. 
100 1 |a Villárová, Klaudia 
700 1 |a Spišiaková, Mária, 1973- 
710 2 |a Fakulta aplikovaných jazykov EU v Bratislave. Katedra románskych a slovanských jazykov